000 00847nam a2200265 a 4500
001 BRCA_8251
005 20190320210210.0
008 290514s1948----gw-a###f##---#001-0#ger-#
041 _ager
044 _agw
050 4 _aND586
_b.W56 1948
100 1 _aWinkler, Friedrich
_920589
245 1 0 _aAusburger malerbildnisse der Dürerzeit
_cFriedrich Winkler.
260 _aBerlín
_bDeutscher Verein für Kunstwissenschaft
_c1948
300 _a30 p.
_bil., 20 láminas
_c30 cm.
500 _aT91
600 1 4 _aDürer, Albrecht
_d1471-1528
_vPintor y grabador
_zNuremberg, Alemania
_920590
650 1 4 _aPintores alemanes
_9797
650 1 4 _aGrabadores alemanes
_97216
650 1 4 _aRetratos
_918410
651 4 _aHasburgo, Austria
_vPaisajes
_920591
710 2 _aDeutscher Verein für Kunstwissenschaft
_920592
902 _aGFM
942 _2lcc
_cB
999 _c7919
_d7919